Open government fostering dialogue with civil society

Salvato in:
Dettagli Bibliografici
Natura: Libro
Lingua:inglese
Pubblicazione: Paris OECD 2003
Serie:Emerging transition economies
Soggetti:
Tags: Aggiungi Tag
Nessun Tag, puoi essere il primo ad aggiungerne!!

MARC

LEADER 00000nam$a2200000$$$4500
001 0020335
005 20240104133135.5
020 |a 92-64-09983-2 
041 0 |a eng 
044 |a FR 
245 1 0 |a Open government  |b fostering dialogue with civil society 
264 1 |a Paris  |b OECD  |c 2003 
300 |a 213 s. 
490 1 |a Emerging transition economies 
830 0 |a Emerging transition economies 
610 2 0 |a vláda 
610 2 0 |a štát 
610 2 0 |a občania 
610 2 0 |a informácie 
610 2 0 |a moc štátna 
610 2 0 |a orgány štátne 
610 2 0 |a porovnanie medzinárodné 
610 2 0 |a svet 
610 2 0 |a práva ľudské 
610 2 0 |a OECD